MARC details
| 000 -LEADER |
| fixed length control field |
01728nam a2200337 a 4500 |
| 008 - FIXED-LENGTH DATA ELEMENTS--GENERAL INFORMATION |
| fixed length control field |
180912s2015 ||||||||||||||||| || u |
| 010 ## - LIBRARY OF CONGRESS CONTROL NUMBER |
| LC control number |
2014019476 |
| 020 ## - INTERNATIONAL STANDARD BOOK NUMBER |
| International Standard Book Number |
9780124166912 |
| 050 ## - LIBRARY OF CONGRESS CALL NUMBER |
| Classification number |
QA 76.59 Rob |
| 100 ## - MAIN ENTRY--PERSONAL NAME |
| Personal name |
Robinson, Simon |
| 245 10 - TITLE STATEMENT |
| Title |
There's not an app for that: mobile user experience design for life |
| Statement of responsibility, etc. |
By Simon Robinson, Gary Marsden and Matt Jones. |
| 260 ## - PUBLICATION, DISTRIBUTION, ETC. |
| Place of publication, distribution, etc. |
Amsterdam: |
| Name of publisher, distributor, etc. |
Elsevier |
| Date of publication, distribution, etc. |
2015 |
| 260 ## - PUBLICATION, DISTRIBUTION, ETC. |
| Place of publication, distribution, etc. |
Amsterdam: |
| Name of publisher, distributor, etc. |
Elsevier/Morgan Kaufmann |
| Date of publication, distribution, etc. |
2015 |
| 300 ## - PHYSICAL DESCRIPTION |
| Extent |
xxv, 418 pages : illustrations (some color) ; 24 cm |
| 338 ## - |
| -- |
volume |
| -- |
rdacarrier |
| 350 ## - |
| -- |
47.78 |
| 650 #0 - SUBJECT ADDED ENTRY--TOPICAL TERM |
| Topical term or geographic name entry element |
APPLICATION SOFTWARE |
| 650 #0 - SUBJECT ADDED ENTRY--TOPICAL TERM |
| Topical term or geographic name entry element |
MOBILE COMPUTING |
| 650 #0 - SUBJECT ADDED ENTRY--TOPICAL TERM |
| Topical term or geographic name entry element |
HUMAN-COMPUTER INTERACTION |
| 650 #0 - SUBJECT ADDED ENTRY--TOPICAL TERM |
| Topical term or geographic name entry element |
HUMAN--COMPUTER INTERACTION |
| 700 ## - ADDED ENTRY--PERSONAL NAME |
| Personal name |
Jones, Matt |
| 700 ## - ADDED ENTRY--PERSONAL NAME |
| Personal name |
Marsden, Gary |
| 995 ## - |
| -- |
ANNEX COLLECTION (Main Library) |
| -- |
748590 |
| -- |
CBU-MAIN LIBRARY (Kitwe) |
| -- |
47.78 |
| -- |
QA 76.59 Rob |
| -- |
4 |
| -- |
AVAILABLE |
| -- |
Sep 12, 2018 |
| -- |
748590 |
| -- |
Annex Low-Usage Collection |
| 995 ## - |
| -- |
ANNEX COLLECTION (Main Library) |
| -- |
748591 |
| -- |
CBU-MAIN LIBRARY (Kitwe) |
| -- |
47.78 |
| -- |
QA 76.59 Rob |
| -- |
5 |
| -- |
AVAILABLE |
| -- |
Sep 12, 2018 |
| -- |
748591 |
| -- |
Annex Low-Usage Collection |
| 995 ## - |
| -- |
MAIN LIBRARY OPEN ACCESS |
| -- |
747124 |
| -- |
CBU-MAIN LIBRARY (Kitwe) |
| -- |
QA 76.59 Rob |
| -- |
1 |
| -- |
AVAILABLE |
| -- |
Oct 26, 2016 |
| -- |
747124 |
| -- |
Main Library Open Access Collection |
| 995 ## - |
| -- |
MAIN LIBRARY OPEN ACCESS |
| -- |
748589 |
| -- |
CBU-MAIN LIBRARY (Kitwe) |
| -- |
47.78 |
| -- |
QA 76.59 Rob |
| -- |
3 |
| -- |
AVAILABLE |
| -- |
Sep 12, 2018 |
| -- |
748589 |
| -- |
Main Library Open Access Collection |
| 995 ## - |
| -- |
MAIN LIBRARY OPEN ACCESS |
| -- |
748588 |
| -- |
CBU-MAIN LIBRARY (Kitwe) |
| -- |
47.78 |
| -- |
QA 76.59 Rob |
| -- |
2 |
| -- |
AVAILABLE |
| -- |
Sep 12, 2018 |
| -- |
748588 |
| -- |
Main Library Open Access Collection |
| 999 ## - |
| -- |
81284 |
| -- |
81284 |